Movies by Picture - C - Statistics

General Stats
  • This quiz has been taken 878 times
  • The average score is 11 of 16
Answer Stats
Picture Answer % Correct
Captain America: The First Avenger
94%
Child's Play
93%
Charlie and the Chocolate Factory
91%
Casper
85%
Cinderella
85%
Cast Away
78%
Catch Me If You Can
76%
Crocodile Dundee
75%
Casino
70%
A Clockwork Orange
63%
Casablanca
63%
Creed
63%
Conan the Barbarian
58%
Cool Runnings
56%
Citizen Kane
39%
Con Air
38%
No matching quizzes found
Score Distribution
Percent of People with Each Score
Percentile by Number Answered
Your Score History
You have not taken this quiz